[Event "AUTO-ADV-2944"]
[Site "http://www.queenalice.com/game.php?id=1212055"]
[Date "2013.8.28"]
[Round "1"]
[White "brunooliveira"]
[Black "junipero"]
[Result "0-1"]
[WhiteElo "1774"]
[BlackElo "1934"]

1. e4 c5 2. Nc3 Nc6 3. g3 d6 4. Bg2 e5 5. Nge2 Nf6 6. O-O Bg4 7. h3 Bh5 8. d3
Nd4 9. g4 Nxe2+ 10. Nxe2 Bg6 11. f4 h6 12. f5 Bh7 13. Ng3 b5 14. h4 Be7 15. Qf3
O-O 16. g5 hxg5 17. Bxg5 a5 18. Nh5 Rb8 19. Nxf6+ Bxf6 20. Bxf6 Qxf6 21. Qg4 c4
22. Qg5 Qxg5 23. hxg5 g6 24. f6 cxd3 25. cxd3 Rfc8 26. Rac1 Kf8 27. Kf2 Rc5 28.
Rh1 Bg8 29. Rxc5 dxc5 30. Rc1 Rc8 31. Bh3 Rc7 32. Bf1 Ke8 33. a3 Kd7 34. b4 axb4
35. axb4 cxb4 36. Rb1 Rc2+ 37. Ke3 Rh2 38. Rxb4 Rh5 39. Rxb5 Rxg5 40. Bh3+ Kc6
41. Rd5 Rg3+ 42. Ke2 Rxh3 43. Rd8 Bh7 44. Rc8+ Kd7 45. Rc5 Kd6 46. Rd5+ Ke6 0-1

[Event "AUTO-ADV-2944"]
[Site "http://www.queenalice.com/game.php?id=1212056"]
[Date "2013.8.28"]
[Round "1"]
[White "junipero"]
[Black "brunooliveira"]
[Result "1-0"]
[WhiteElo "1966"]
[BlackElo "1758"]

1. d4 Nf6 2. c4 g6 3. Nc3 Bg7 4. e3 O-O 5. Nf3 d6 6. Be2 Nbd7 7. O-O e5 8. dxe5
Nxe5 9. b3 Bg4 10. Nxe5 Bxe2 11. Qxe2 dxe5 12. Rd1 Qe7 13. Bb2 Rad8 14. Qf3 c6
15. h3 Rxd1+ 16. Rxd1 Rd8 17. Qe2 Rxd1+ 18. Qxd1 Qd7 19. Qxd7 Nxd7 20. Ne4 Nf6
21. Nd6 b6 22. Bxe5 Nd7 23. Bxg7 Kxg7 24. f4 Nc5 25. Nc8 1-0

[Event "AUTO-INT-2511"]
[Site "http://www.queenalice.com/game.php?id=1212186"]
[Date "2013.8.28"]
[Round "2"]
[White "jeancarlo1910"]
[Black "brunooliveira"]
[Result "1-0"]
[WhiteElo "2020"]
[BlackElo "1641"]

1. c4 Nf6 2. Nc3 g6 3. d4 Bg7 4. Nf3 O-O 5. e4 d6 6. Bg5 h6 7. Bxf6 Bxf6 8. Bd3
Nd7 9. e5 dxe5 10. d5 Nc5 11. Be4 Nxe4 12. Nxe4 Bg7 13. h3 Bf5 14. Ng3 Bd7 15.
O-O c6 16. d6 exd6 17. Qxd6 Re8 18. Ne4 Bf5 19. Qxd8 Raxd8 20. Ng3 Be6 21. Rac1
b5 22. b3 a6 23. Ne4 bxc4 24. bxc4 Bf5 25. Nfd2 Rd7 26. g4 Bxe4 27. Nxe4 Red8
28. c5 Kh8 29. f3 1-0

[Event "AUTO-INT-2511"]
[Site "http://www.queenalice.com/game.php?id=1212187"]
[Date "2013.8.28"]
[Round "2"]
[White "brunooliveira"]
[Black "jeancarlo1910"]
[Result "0-1"]
[WhiteElo "1647"]
[BlackElo "2014"]

1. e4 c5 2. Nc3 Nc6 3. g3 e5 4. Bg2 Nf6 5. Nge2 Nd4 6. O-O Be7 7. d3 O-O 8. f4
d6 9. f5 Bd7 10. Nxd4 cxd4 11. Ne2 g6 12. Bh3 Kg7 13. g4 Rh8 14. Ng3 Qg8 15. Bd2
Kf8 16. Qf3 h5 17. gxh5 gxh5 18. Kh1 Ke8 19. Rg1 Qf8 20. Rg2 Kd8 21. Rag1 Ng4
22. Bxg4 hxg4 23. Qxg4 f6 24. Qf3 Kc7 25. Nf1 Qf7 26. Rg7 Qf8 27. Ba5+ b6 28.
Bb4 Rc8 29. Ng3 Qxg7 0-1

[Event "AUTO-INT-2511"]
[Site "http://www.queenalice.com/game.php?id=1212190"]
[Date "2013.8.28"]
[Round "2"]
[White "ajr"]
[Black "brunooliveira"]
[Result "1-0"]
[WhiteElo "1570"]
[BlackElo "1616"]

1. d4 Nf6 2. Nf3 g6 3. Nc3 Bg7 4. e4 d6 5. Bd3 O-O 6. h3 Nbd7 7. g4 e5 8. d5 a5
9. b3 Ne8 10. Bd2 Nc5 11. Be3 Bd7 12. a4 b6 13. Bxc5 1-0

[Event "AUTO-INT-2511"]
[Site "http://www.queenalice.com/game.php?id=1212191"]
[Date "2013.8.28"]
[Round "2"]
[White "brunooliveira"]
[Black "ajr"]
[Result "0-1"]
[WhiteElo "1635"]
[BlackElo "1551"]

1. e4 Nc6 2. d4 d6 3. Nc3 Nf6 4. Bg5 e6 5. Nf3 h6 6. Bh4 g5 7. Bg3 a6 8. e5 dxe5
9. dxe5 Qxd1+ 10. Rxd1 Nd7 11. Bd3 Bg7 12. O-O Ndxe5 13. Nxe5 Nxe5 0-1

[Event "AUTO-INT-2511"]
[Site "http://www.queenalice.com/game.php?id=1212192"]
[Date "2013.8.28"]
[Round "2"]
[White "leking"]
[Black "brunooliveira"]
[Result "1-0"]
[WhiteElo "1624"]
[BlackElo "1579"]

1. e4 e6 2. Nf3 d5 3. exd5 exd5 4. d4 Nf6 5. Nc3 Bd6 6. Bd3 O-O 7. O-O Bg4 8.
Re1 c6 9. h3 Bxf3 10. Qxf3 Nbd7 11. Bf4 Qc7 12. Bxd6 Qxd6 13. Re3 Rfe8 14. Rae1
Rxe3 15. Rxe3 Qb4 16. Nd1 Qxd4 17. c3 Qb6 18. b4 Re8 19. Rxe8+ Nxe8 20. Ne3 Nef6
21. a3 h6 22. Bf5 Qa6 23. Nc2 Qc4 24. Bxd7 Nxd7 25. Nd4 Nf6 26. Qe3 Ne4 27. Ne2
Nf6 28. f3 a6 29. Kf2 Qb5 30. Nd4 Qa4 31. Nf5 Qc2+ 32. Kg3 Qxf5 33. Kf2 1-0

[Event "AUTO-INT-2511"]
[Site "http://www.queenalice.com/game.php?id=1212193"]
[Date "2013.8.28"]
[Round "2"]
[White "brunooliveira"]
[Black "leking"]
[Result "0-1"]
[WhiteElo "1760"]
[BlackElo "1637"]

1. e4 e5 2. Nf3 Nc6 3. Bb5 Qf6 4. O-O a6 5. Bxc6 bxc6 6. Nc3 Ne7 7. d4 exd4 8.
Bg5 Qd6 9. Qxd4 h6 10. Bxe7 Qxe7 11. Rfe1 Kd8 12. Rad1 Qc5 13. Ne5 Qxd4 14. Rxd4
Ke7 15. Red1 Ke6 16. Nxd7 Be7 17. Ne5 Kxe5 18. g3 f6 19. f4+ Ke6 20. Ne2 Kf7 21.
Nc1 Bc5 0-1

[Event "AUTO-ADV-2964"]
[Site "http://www.queenalice.com/game.php?id=1219060"]
[Date "2013.9.23"]
[Round "1"]
[White "brunooliveira"]
[Black "wiktormool"]
[Result "0-1"]
[WhiteElo "1537"]
[BlackElo "1826"]

1. e4 c5 2. Nc3 Nc6 3. g3 e5 4. Bg2 Nf6 5. Nge2 d6 6. d3 h6 7. O-O Bg4 8. h3
Bxe2 9. Nxe2 Be7 10. f4 exf4 0-1

[Event "AUTO-ADV-2964"]
[Site "http://www.queenalice.com/game.php?id=1219061"]
[Date "2013.9.23"]
[Round "1"]
[White "wiktormool"]
[Black "brunooliveira"]
[Result "1-0"]
[WhiteElo "1821"]
[BlackElo "1542"]

1. c4 Nf6 2. Nc3 g6 3. e4 d6 4. d4 Bg7 5. Nf3 O-O 6. h4 Bg4 7. Be2 Nbd7 8. Nh2
Bxe2 9. Qxe2 e5 10. d5 Ne8 11. Nf3 1-0

[Event "AUTO-ADV-2964"]
[Site "http://www.queenalice.com/game.php?id=1219062"]
[Date "2013.9.23"]
[Round "1"]
[White "brunooliveira"]
[Black "JailtonCruz"]
[Result "0-1"]
[WhiteElo "1654"]
[BlackElo "1979"]

1. e4 c5 2. Nc3 d6 3. g3 Nf6 4. Bg2 e6 5. Nge2 Be7 6. O-O O-O 7. d3 Nc6 8. f4 d5
9. f5 dxe4 10. Nxe4 exf5 11. Nf2 Be6 0-1

[Event "AUTO-ADV-2964"]
[Site "http://www.queenalice.com/game.php?id=1219063"]
[Date "2013.9.23"]
[Round "1"]
[White "JailtonCruz"]
[Black "brunooliveira"]
[Result "1-0"]
[WhiteElo "2019"]
[BlackElo "1639"]

1. d4 Nf6 2. c4 g6 3. Nc3 Bg7 4. e4 d6 5. f3 O-O 6. Bd3 e5 7. d5 a5 8. Nge2 Na6
9. a3 Nd7 10. O-O f5 11. exf5 gxf5 12. Ng3 Nf6 13. Nxf5 Rf7 14. Qe1 Nc5 15. Bc2
Nh5 16. Nxg7 Nxg7 17. Qg3 1-0

[Event "AUTO-ADV-2964"]
[Site "http://www.queenalice.com/game.php?id=1219064"]
[Date "2013.9.23"]
[Round "1"]
[White "brunooliveira"]
[Black "sidneyjmg"]
[Result "0-1"]
[WhiteElo "1770"]
[BlackElo "1853"]

1. e4 Nc6 2. d4 d5 3. e5 f6 4. f4 Bf5 5. Bd3 Nxd4 6. c3 Bxd3 7. Qxd3 Nc6 8. Nf3
e6 9. O-O Bc5+ 10. Be3 Qe7 11. b4 Bxe3+ 12. Qxe3 fxe5 13. Nxe5 Nxe5 14. Qxe5 Nf6
15. Nd2 Qd6 16. Qg5 O-O 17. Nb3 Ne4 18. Qh4 Nxc3 19. a3 Rxf4 0-1

[Event "AUTO-ADV-2964"]
[Site "http://www.queenalice.com/game.php?id=1219065"]
[Date "2013.9.23"]
[Round "1"]
[White "sidneyjmg"]
[Black "brunooliveira"]
[Result "1-0"]
[WhiteElo "1839"]
[BlackElo "1784"]

1. e4 e6 2. Nf3 d5 3. exd5 exd5 4. d4 Nf6 5. Bb5+ c6 6. Bd3 Bd6 7. Qe2+ Qe7 8.
Qxe7+ Bxe7 9. O-O O-O 10. Nc3 Bg4 11. Ne5 Bh5 12. Re1 Bd6 13. Bf4 Re8 14. h3
Nbd7 15. g4 Bg6 16. Nxg6 hxg6 17. Bxd6 Re6 18. Rxe6 fxe6 19. Bxg6 1-0

[Event "AUTO-ADV-2806"]
[Site "http://www.queenalice.com/game.php?id=1220233"]
[Date "2013.9.26"]
[Round "2"]
[White "brunooliveira"]
[Black "vult0"]
[Result "0-1"]
[WhiteElo "1763"]
[BlackElo "1882"]

1. e4 e5 2. Nf3 d6 3. d4 exd4 4. Nxd4 Bd7 5. Nc3 a6 6. Bc4 b5 7. Bd5 c6 8. Bb3
Ne7 9. Nf3 Ng6 10. O-O Be7 0-1

[Event "AUTO-ADV-2806"]
[Site "http://www.queenalice.com/game.php?id=1220234"]
[Date "2013.9.26"]
[Round "2"]
[White "vult0"]
[Black "brunooliveira"]
[Result "1-0"]
[WhiteElo "1893"]
[BlackElo "1752"]

1. d4 Nf6 2. c4 g6 3. Nc3 Bg7 4. Nf3 O-O 5. e3 d6 6. Be2 Nc6 7. O-O e5 8. a3 Bg4
9. b4 a6 10. d5 Ne7 11. e4 Bxf3 12. Bxf3 1-0

[Event "AUTO-ADV-2806"]
[Site "http://www.queenalice.com/game.php?id=1220235"]
[Date "2013.9.26"]
[Round "2"]
[White "brunooliveira"]
[Black "sevenup"]
[Result "0-1"]
[WhiteElo "1581"]
[BlackElo "2145"]

1. e4 e6 2. d4 d5 3. exd5 exd5 4. Nf3 Bd6 5. Bd3 Ne7 6. c3 O-O 7. O-O Bf5 8.
Bxf5 Nxf5 9. Re1 c6 10. Qc2 Qf6 11. Bg5 Qg6 12. Qd2 Nd7 13. Bf4 Rfe8 0-1